China's employment challenges and strategies after the WTO accession (Record no. 79337)
[ view plain ]
| 000 -LEADER | |
|---|---|
| fixed length control field | 00855nam a2200193 a 4500 |
| 008 - FIXED-LENGTH DATA ELEMENTS--GENERAL INFORMATION | |
| fixed length control field | 100624s2005 ||||||||||||||||| || u |
| 050 ## - LIBRARY OF CONGRESS CALL NUMBER | |
| Classification number | IBRD(08) |
| 100 ## - MAIN ENTRY--PERSONAL NAME | |
| Personal name | Zeng, Douglas Zhihua |
| 245 10 - TITLE STATEMENT | |
| Title | China's employment challenges and strategies after the WTO accession |
| Statement of responsibility, etc. | by Douglas Zhihua Zeng |
| 260 ## - PUBLICATION, DISTRIBUTION, ETC. | |
| Place of publication, distribution, etc. | Washington, D. C. |
| Name of publisher, distributor, etc. | World Bank |
| Date of publication, distribution, etc. | 2005 |
| 300 ## - PHYSICAL DESCRIPTION | |
| Extent | 34p.: ill |
| 350 ## - | |
| -- | 0.00 |
| 490 ## - | |
| -- | Policy Research Working Paper |
| 650 ## - SUBJECT ADDED ENTRY--TOPICAL TERM | |
| Topical term or geographic name entry element | EMPLOYMENT CHALLENGES--AFRICA |
| 650 ## - SUBJECT ADDED ENTRY--TOPICAL TERM | |
| Topical term or geographic name entry element | CHINA |
| 700 ## - ADDED ENTRY--PERSONAL NAME | |
| Personal name | Zhihua Zeng, Douglas |
| 995 ## - | |
| -- | SPECIAL COLLECTIONS |
| -- | 0.00 |
| -- | 9019807 |
| -- | CBU-MAIN LIBRARY (Kitwe) |
| -- | 1 |
| -- | 0.00 |
| -- | IBRD(08)PRWP/3522 |
| -- | AVAILABLE |
| -- | 9019807 |
| -- | International Publications |
| 995 ## - | |
| -- | SPECIAL COLLECTIONS |
| -- | 0.00 |
| -- | 03006652 |
| -- | CBU-MAIN LIBRARY (Kitwe) |
| -- | 1 |
| -- | 0.00 |
| -- | IBRD(08)PRWP/3522 |
| -- | 1 |
| -- | AVAILABLE |
| -- | Jun 24, 2010 |
| -- | Z03006652 |
| -- | International Publications |
| 999 ## - | |
| -- | 79337 |
| -- | 79337 |
No items available.